000 01342cam a2200133 4500500
005 20260405041738.0
041 _afre
042 _adc
100 1 0 _aFraisse, Luc
_eauthor
245 0 0 _aL'histoire littéraire à l'aube du XXIe siècle : controverses et consensus : Actes du colloque de Strasbourg (12-17 mai 2003)
260 _bPresses Universitaires de France,
_c2005.
520 _aDans les années soixante, une vive polémique a opposé la Nouvelle critique à l’histoire littéraire classique. Cet ouvrage propose pour la première fois une synthèse théorique sur toutes les méthodes de l’histoire littéraire, leurs présupposés et la façon de les appliquer, les méthodes classiques,mais aussilesnouvelles méthodes de l’histoire et la critique littéraires. Les auteurs de ces études sont des spécialistes du monde entier. Ils confrontent les méthodes historiques dont ils ne sont pas tous des adeptes aux objections émises depuis unequarantaine d’années. Cette synthèse piuonnière prend en compte l’ensemble des époques littéraires du Moyen Âge au XXIe siècle et propose des parcours méthodologiques et bibliographiques détaillés.
856 4 1 _uhttps://shs.cairn.info/l-histoire-litteraire-a-l-aube-du-xxie-siecle-controverses-et-consensus--9782130547266?lang=fr&redirect-ssocas=7080
999 _c2171931
_d2171931